000 00696nam a22000977a 4500
999 _c2822
_d2822
008 180903b ||||| |||| 00| 0 eng d
100 _aBrookman, Lester
245 _aThe Bank Note Issues of United States stamps, 1870-1893 (1941)
260 _bAmerican Philatelic Society
_c1941
650 _aUnited States | 1870-1893 | 19th Century | Bank Note Issues | Definitive Issues | Classic Issues | Columbian Issue | 1893 | Commemorative Issues | Production | Engraving | Errors and Varieties | Plate Markings | Plates and Plating | Plate Blocks and Numbers | Grills | Paper | Essays and Proofs | Color Trials | Color | Designs | Specimens | Postal Markings | Collecting -- Identification | Stamps -- Histories